000
00355nam a2200157Ia 4500
008
221030s9999 xx 000 0 und d
020
_a
8174462449
041
_a
English
082
_a
105.23
_b
Gul
100
_a
S. S. Gulshan
245
0
_a
Mercantile Law
260
_b
Excel Books
_a
New Delhi
_c
2003
300
_a
918
650
_a
Management
942
_c
BK
999
_c
874
_d
874